[Event "XII Weekend U16"]
[Site "Porto Sant'Elpidio ITA"]
[Date "2009.11.21"]
[Round "1"]
[White "Ramundi, Claudia"]
[Black "Cocciaretto, Alessia"]
[Result "1-0"]
[WhiteElo "1383"]
[BlackElo "1326"]
[PlyCount "67"]
[EventDate "2009.11.21"]

1. e4 e5 2. Nf3 Nc6 3. Bc4 Nf6 4. d3 d6 5. h3 Nd4 6. Nbd2 d5 7. exd5 Bf5 8. c3
Nxf3+ 9. Nxf3 Bc5 10. Bb5+ c6 11. dxc6 bxc6 12. Bxc6+ Nd7 13. Bxa8 Qxa8 14. O-O
O-O 15. Re1 a6 16. Nxe5 Nxe5 17. Rxe5 Qa7 18. Rxf5 Re8 19. d4 Bd6 20. Bf4 g6
21. Rf6 Be7 22. Rc6 Bh4 23. Qf3 Re7 24. g3 Bf6 25. Rxf6 Kg7 26. Be5 Qb7 27.
Rb6+ f6 28. Rxb7 Kf7 29. Rxe7+ Kxe7 30. Qxf6+ Kd7 31. Qd6+ Ke8 32. Bf6 Kf7 33.
Qe7+ Kg8 34. Qg7# 1-0

[Event "XII Weekend U16"]
[Site "Porto Sant'Elpidio ITA"]
[Date "2009.11.21"]
[Round "1"]
[White "Renzetti, Leonardo"]
[Black "Fornelli, Marco"]
[Result "0-1"]
[WhiteElo "1392"]
[BlackElo "1353"]
[PlyCount "142"]
[EventDate "2009.11.21"]

1. d4 d5 2. Nf3 c5 3. c3 Nc6 4. e3 Bf5 5. Bd3 Bxd3 6. Qxd3 e6 7. Nbd2 Nf6 8.
O-O Be7 9. Re1 Rc8 10. e4 cxd4 11. cxd4 Nb4 12. Qe2 Nc2 13. Rb1 Nxe1 14. Qxe1
O-O 15. e5 Nd7 16. b3 Qa5 17. a3 Bxa3 18. Bxa3 Qxa3 19. Ra1 Qb4 20. Rxa7 Ra8
21. Ra1 Rxa1 22. Qxa1 h6 23. Qb2 Ra8 24. Ne1 Qa3 25. Qc3 Qa1 26. Qxa1 Rxa1 27.
Kf1 f6 28. f4 fxe5 29. fxe5 Nf8 30. Kf2 Ng6 31. g3 Ne7 32. Nd3 Rh1 33. Nf3 Ra1
34. Nf4 Ra2+ 35. Ke3 Kf7 36. h4 Nc6 37. Kd3 Na5 38. Kc3 Rf2 39. Nd2 Nc6 40. b4
Nxb4 41. Kxb4 Rxd2 42. Kc5 Rb2 43. Kd6 b5 44. Nxe6 b4 45. Kxd5 Rc2 46. Nf4 b3
47. Nd3 b2 48. Nxb2 Rxb2 49. e6+ Ke7 50. Ke5 Re2+ 51. Kd5 Rxe6 52. Kc5 Rg6 53.
d5 Rxg3 54. d6+ Kd7 55. Kd5 Rd3+ 56. Ke5 Rxd6 57. Kf5 Ke7 58. Kg4 g6 59. Kg3 h5
60. Kf3 Rd4 61. Kg3 Kf6 62. Kh3 Kf5 63. Kg3 g5 64. hxg5 Kxg5 65. Kh3 h4 66. Kg2
Kg4 67. Kh2 h3 68. Kg1 Kg3 69. Kf1 h2 70. Ke2 h1=Q 71. Ke3 Qe4# 0-1

[Event "XII Weekend U16"]
[Site "Porto Sant'Elpidio ITA"]
[Date "2009.11.22"]
[Round "2"]
[White "Copponi, Alice"]
[Black "Morelli, Anita"]
[Result "0-1"]
[WhiteElo "1293"]
[BlackElo "1353"]
[PlyCount "154"]
[EventDate "2009.11.21"]

1. d4 d5 2. Nf3 Nc6 3. Nc3 Nf6 4. Bg5 e6 5. e3 Be7 6. Bb5 O-O 7. Ne5 Nxe5 8.
dxe5 Ne4 9. Nxe4 dxe4 10. Qxd8 Bxd8 11. Bxd8 Rxd8 12. O-O Bd7 13. Bxd7 Rxd7 14.
Rfd1 Rad8 15. Rxd7 Rxd7 16. g3 Rd5 17. f4 exf3 18. Kf2 Rxe5 19. Kxf3 g5 20. Rd1
b5 21. b3 Kf8 22. Rd7 Rc5 23. c4 bxc4 24. bxc4 Rxc4 25. Rd8+ Ke7 26. Ra8 Ra4
27. Rc8 Kd7 28. Ra8 f5 29. Rh8 c5 30. Rxh7+ Kd6 31. Ke2 c4 32. Kd2 Rxa2+ 33.
Kc3 Kd5 34. h4 gxh4 35. gxh4 Rh2 36. h5 Rh3 37. Kd2 a5 38. Ra7 Rxh5 39. Rxa5+
Ke4 40. Kc3 Kxe3 41. Kxc4 Rh4+ 42. Kc3 f4 43. Re5+ Kf2 44. Rxe6 Rh3+ 45. Kd2
Re3 46. Rf6 Re2+ 47. Kd3 f3 48. Rf5 Kg3 49. Rf6 Re1 50. Rg6+ Kf4 51. Rf6+ Kg4
52. Kd2 Re4 53. Kd3 Rf4 54. Rxf4+ Kxf4 55. Kd2 Kg3 56. Ke1 Kg2 57. Kd2 f2 58.
Ke3 f1=Q 59. Ke4 Kg3 60. Ke5 Kg4 61. Ke6 Kg5 62. Ke5 Qf5+ 63. Kd4 Qe6 64. Kd3
Kf4 65. Kd2 Kf3 66. Kd3 Qe3+ 67. Kc2 Qd4 68. Kc1 Ke2 69. Kc2 Qd2+ 70. Kb3 Qc1
71. Kb4 Qc6 72. Kb3 Kd3 73. Kb4 Qc4+ 74. Ka5 Qb3 75. Ka6 Kc4 76. Ka7 Kc5 77.
Ka6 Qb6# 0-1

[Event "XII Weekend U16"]
[Site "Porto Sant'Elpidio ITA"]
[Date "2009.11.22"]
[Round "2"]
[White "Fornelli, Marco"]
[Black "Cocciaretto, Marco"]
[Result "0-1"]
[WhiteElo "1353"]
[BlackElo "1521"]
[PlyCount "70"]
[EventDate "2009.11.21"]

1. d4 Nf6 2. c4 e6 3. Bg5 Be7 4. Nc3 c6 5. Qa4 O-O 6. Nf3 d5 7. e3 Nbd7 8. Qc2
Qa5 9. Be2 Bb4 10. O-O Bxc3 11. bxc3 Ne4 12. Be7 Qxc3 13. Qxc3 Nxc3 14. Bd3 Re8
15. Bb4 Na4 16. cxd5 exd5 17. Rac1 a5 18. Ba3 b5 19. Bc2 Nc3 20. Bd3 Nxa2 21.
Rxc6 b4 22. Ra1 b3 23. Ng5 g6 24. e4 Rb8 25. Rb1 Nb4 26. Bxb4 Rxb4 27. exd5 b2
28. Rc2 Re1+ 29. Bf1 Rxb1 30. Rxc8+ Kg7 31. g3 Rxf1+ 32. Kxf1 b1=Q+ 33. Kg2 h6
34. Nf3 Qe4 35. d6 Rb3 0-1

[Event "XII Weekend U16"]
[Site "Porto Sant'Elpidio ITA"]
[Date "2009.11.22"]
[Round "2"]
[White "Marconi, Tommaso"]
[Black "Renzetti, Leonardo"]
[Result "0-1"]
[WhiteElo "1389"]
[BlackElo "1392"]
[PlyCount "108"]
[EventDate "2009.11.21"]

1. e4 e5 2. Nf3 Nc6 3. Bb5 Nf6 4. Bxc6 dxc6 5. Nxe5 Qd4 6. Nf3 Qxe4+ 7. Qe2
Qxe2+ 8. Kxe2 Nd5 9. g3 Bf5 10. d3 Rd8 11. Bg5 Be7 12. Bxe7 Kxe7 13. Nc3 Nxc3+
14. bxc3 c5 15. d4 cxd4 16. Nxd4 Kf6 17. Rac1 c5 18. Nb5 Rhe8+ 19. Kf3 a6 20.
Nc7 Re7 21. g4 Be4+ 22. Kg3 Bxh1 23. Rxh1 Rxc7 24. h4 h6 25. f4 g5 26. fxg5+
hxg5 27. hxg5+ Kxg5 28. Rh5+ Kg6 29. Kh4 f6 30. g5 Rh7 31. Rxh7 Kxh7 32. gxf6
Kg6 33. c4 Kxf6 34. a4 Rg8 35. a5 Rg2 36. c3 Rc2 37. Kg4 Rxc3 38. Kf4 Rxc4+ 39.
Ke3 Ra4 40. Kd3 Rxa5 41. Kc4 b5+ 42. Kxc5 Ke5 43. Kb6 b4 44. Kxa5 b3 45. Kxa6
b2 46. Kb6 b1=Q+ 47. Kc6 Qd3 48. Kc5 Qd4+ 49. Kc6 Qd5+ 50. Kc7 Qd6+ 51. Kc8 Qe7
52. Kb8 Kd6 53. Ka8 Kc6 54. Kb8 Qb7# 0-1

[Event "XII Weekend U16"]
[Site "Porto Sant'Elpidio ITA"]
[Date "2009.11.22"]
[Round "2"]
[White "Nespeca, Giacomo"]
[Black "Cocciaretto, Luca"]
[Result "1-0"]
[WhiteElo "1371"]
[BlackElo "1362"]
[PlyCount "55"]
[EventDate "2009.11.21"]

1. d4 Nf6 2. Nf3 d5 3. g3 Nc6 4. Bg2 g6 5. Bg5 e6 6. O-O Bg7 7. Bxf6 Qxf6 8. c3
e5 9. e3 e4 10. Ne5 Nxe5 11. dxe5 Qxe5 12. Qd4 Qxd4 13. cxd4 Bg4 14. Nc3 O-O-O
15. Rac1 c6 16. Nb5 a6 17. Nc3 b5 18. f3 exf3 19. Bxf3 Bh3 20. Bg2 Bxg2 21.
Kxg2 Bh6 22. Rxf7 Bxe3 23. Re1 Bd2 24. Ree7 Rde8 25. Rc7+ Kb8 26. Rb7+ Kc8 27.
Ra7 Bxc3 28. Ra8# 1-0

[Event "XII Weekend U16"]
[Site "Porto Sant'Elpidio ITA"]
[Date "2009.11.22"]
[Round "2"]
[White "Ramundi, Lorenzo"]
[Black "Ramundi, Claudia"]
[Result "1/2-1/2"]
[WhiteElo "1476"]
[BlackElo "1383"]
[PlyCount "49"]
[EventDate "2009.11.21"]

1. e4 e5 2. Nf3 Nc6 3. Bc4 Bc5 4. O-O Nf6 5. d3 h6 6. Re1 O-O 7. Nbd2 d6 8. h3
Be6 9. Bb3 Re8 10. Nf1 Qd7 11. Bxe6 Qxe6 12. Ng3 Nd4 13. c3 Nxf3+ 14. Qxf3 Rad8
15. Be3 Bb6 16. Qf5 Bxe3 17. Rxe3 Qxf5 18. Nxf5 d5 19. exd5 Nxd5 20. Rg3 Kh7
21. Rxg7+ Kh8 22. Rxf7 Re6 23. c4 Nf4 24. Rxc7 Rg6 25. Ne7 1/2-1/2

[Event "XII Weekend U16"]
[Site "Porto Sant'Elpidio ITA"]
[Date "2009.11.22"]
[Round "3"]
[White "Cocciaretto, Alessia"]
[Black "Marconi, Tommaso"]
[Result "0-1"]
[WhiteElo "1326"]
[BlackElo "1389"]
[PlyCount "84"]
[EventDate "2009.11.21"]

1. e4 e5 2. Nf3 Nc6 3. Bb5 d6 4. d3 Bd7 5. O-O Nf6 6. Bg5 Be7 7. Nc3 O-O 8. a3
Nd4 9. Bc4 Bg4 10. Nd5 Nxd5 11. Bxd5 Bxg5 12. Bxb7 Rb8 13. Bd5 Rxb2 14. Qe1
Nxc2 15. Qc3 Qb8 16. Nxg5 Nxa1 17. Qc4 Rb1 18. Bxf7+ Kh8 19. Qa2 Rxf1+ 20. Kxf1
Nb3 21. f3 Nc1 22. Qc2 Nb3 23. fxg4 h6 24. Qf2 hxg5 25. Qf5 Nd2+ 26. Ke2 Qb2
27. Ke3 Qc3 28. Qxg5 Nc4+ 29. Kf3 Qxd3+ 30. Kf2 Rxf7+ 31. Ke1 Qc3+ 32. Kd1 Rf1+
33. Ke2 Qe1+ 34. Kd3 Nb2+ 35. Kc2 Qe2+ 36. Kb3 Qxg2 37. Qh5+ Kg8 38. Kb4 Qxe4+
39. Kb3 Qb1 40. Kb4 Nd3+ 41. Ka4 Rf4+ 42. Ka5 Qb6# 0-1

[Event "XII Weekend U16"]
[Site "Porto Sant'Elpidio ITA"]
[Date "2009.11.22"]
[Round "3"]
[White "Cocciaretto, Marco"]
[Black "Ramundi, Lorenzo"]
[Result "0-1"]
[WhiteElo "1521"]
[BlackElo "1476"]
[PlyCount "108"]
[EventDate "2009.11.21"]

1. e4 e5 2. Nf3 Nc6 3. Bb5 a6 4. Ba4 Nf6 5. O-O b5 6. Bb3 Bc5 7. h3 O-O 8. Re1
d6 9. d3 h6 10. Nc3 Qd7 11. Be3 Ba7 12. a4 Bxe3 13. Rxe3 Nd4 14. axb5 Nxb5 15.
Nxb5 Qxb5 16. Ra3 Be6 17. Nd2 Qd7 18. c4 Qe7 19. Qa1 Bc8 20. Ba4 Bb7 21. Nb3
Rfe8 22. Bxe8 Qxe8 23. c5 Qe6 24. Na5 Bc8 25. c6 d5 26. Qa2 d4 27. Qxe6 Bxe6
28. Re1 Ne8 29. Rea1 Nd6 30. Nb7 Nxb7 31. cxb7 Rb8 32. Rxa6 Rxb7 33. Rb1 f5 34.
f3 Bb3 35. Re6 Bxe6 36. b4 c5 37. b5 Kf7 38. Kf2 Ke7 39. g4 fxg4 40. fxg4 Bd7
41. b6 Kd6 42. Kg3 Bc6 43. Kh4 c4 44. dxc4 Bxe4 45. Re1 Bh7 46. Rg1 Rxb6 47. g5
hxg5+ 48. Rxg5 Bg8 49. Rxg7 Bxc4 50. Kg3 Rb3+ 51. Kh2 d3 52. h4 d2 53. Rg1 Rb2
54. Kg3 Be2 0-1

[Event "XII Weekend U16"]
[Site "Porto Sant'Elpidio ITA"]
[Date "2009.11.22"]
[Round "3"]
[White "Fornelli, Marco"]
[Black "Nespeca, Giacomo"]
[Result "1-0"]
[WhiteElo "1353"]
[BlackElo "1371"]
[PlyCount "77"]
[EventDate "2009.11.21"]

1. d4 d5 2. c4 dxc4 3. e4 e6 4. Bxc4 Bb4+ 5. Nc3 Ne7 6. a3 Bxc3+ 7. bxc3 O-O 8.
e5 Nd5 9. Qg4 Re8 10. Bh6 g6 11. Ne2 Nc6 12. h4 f6 13. exf6 Nxf6 14. Qg3 Nh5
15. Qe3 Na5 16. Ba2 Qf6 17. Bg5 Qf5 18. d5 e5 19. d6+ Kh8 20. dxc7 Be6 21. Bb1
Nc4 22. Bxf5 Nxe3 23. Bxe6 Nc2+ 24. Kf1 Nxa1 25. c8=Q Raxc8 26. Bxc8 Rxc8 27.
Rh3 Rf8 28. Bh6 Rd8 29. g4 Rd1+ 30. Kg2 Nf6 31. Rf3 Nd7 32. Ng3 Re1 33. Rd3 Nf6
34. Rd6 Ng8 35. g5 Nc2 36. h5 gxh5 37. Nxh5 Nxa3 38. Rd8 Rd1 39. Bg7# 1-0

[Event "XII Weekend U16"]
[Site "Porto Sant'Elpidio ITA"]
[Date "2009.11.22"]
[Round "3"]
[White "Ramundi, Claudia"]
[Black "Morelli, Anita"]
[Result "1-0"]
[WhiteElo "1383"]
[BlackElo "1353"]
[PlyCount "49"]
[EventDate "2009.11.21"]

1. e4 e5 2. Nf3 Nc6 3. Bc4 b6 4. d3 Bb7 5. Be3 h6 6. Nc3 Nf6 7. Qd2 Bc5 8. O-O
Bxe3 9. Qxe3 Nb4 10. Qe2 d5 11. exd5 Nbxd5 12. Qxe5+ Ne7 13. Nd4 c6 14. Rfe1
O-O 15. Qxe7 Qd7 16. Qxd7 Nxd7 17. Re7 Rad8 18. Rae1 c5 19. Nf5 Bc6 20. Bd5
Bxd5 21. Nxd5 f6 22. Rxg7+ Kh8 23. Ree7 Rfe8 24. Rh7+ Kg8 25. Nxh6+ 1-0

[Event "XII Weekend U16"]
[Site "Porto Sant'Elpidio ITA"]
[Date "2009.11.22"]
[Round "3"]
[White "Renzetti, Leonardo"]
[Black "Copponi, Alice"]
[Result "0-1"]
[WhiteElo "1392"]
[BlackElo "1293"]
[PlyCount "94"]
[EventDate "2009.11.21"]

1. d4 d5 2. Nf3 Nf6 3. e3 Bg4 4. Bd3 e6 5. Nbd2 Nc6 6. h3 Bxf3 7. Qxf3 Bd6 8.
c3 e5 9. Qe2 e4 10. Bb5 Qd7 11. f3 a6 12. Ba4 b5 13. fxe4 Nxe4 14. Nxe4 dxe4
15. Bc2 Bg3+ 16. Kd2 Qf5 17. Rf1 Qe6 18. Bb3 Qe7 19. Rxf7 Qg5 20. Rf1 Ne7 21.
a4 c6 22. c4 bxc4 23. Qxc4 Rc8 24. Qf7+ Kd7 25. Be6+ Kd8 26. Bxc8 Kxc8 27. b4
Nd5 28. Ke2 Nc3+ 29. Kd2 Nd5 30. Ra3 Bd6 31. Ke2 Qxg2+ 32. Qf2 Qxh3 33. Bd2
Qg4+ 34. Ke1 Nxb4 35. Bxb4 Bxb4+ 36. Qd2 Bxd2+ 37. Kxd2 Qg2+ 38. Ke1 Rd8 39.
Rf7 Rd7 40. Rf8+ Kc7 41. Rf2 Qg5 42. Rc2 Rf7 43. Rc5 Qg1+ 44. Kd2 Rf2+ 45. Kc3
Qd1 46. Kc4 Rc2+ 47. Kb3 Qb1# 0-1

[Event "XII Weekend U16"]
[Site "Porto Sant'Elpidio ITA"]
[Date "2009.11.28"]
[Round "4"]
[White "Marconi, Tommaso"]
[Black "Cocciaretto, Luca"]
[Result "0-1"]
[WhiteElo "1389"]
[BlackElo "1362"]
[PlyCount "44"]
[EventDate "2009.11.21"]

1. e4 e5 2. Nf3 Nc6 3. Nc3 Nf6 4. d3 Bb4 5. Bd2 O-O 6. Be2 d6 7. O-O h6 8. Nd5
Bc5 9. Nxf6+ Qxf6 10. c4 Qg6 11. Nh4 Qf6 12. Nf3 Nd4 13. Nxd4 Bxd4 14. Rb1 Qg6
15. g3 Bh3 16. Re1 Qf6 17. Be3 Bxe3 18. fxe3 Qg5 19. Qd2 f5 20. exf5 Qxf5 21.
Qd1 Qf2+ 22. Kh1 Bg2# 0-1

[Event "XII Weekend U16"]
[Site "Porto Sant'Elpidio ITA"]
[Date "2009.11.28"]
[Round "4"]
[White "Morelli, Anita"]
[Black "Renzetti, Leonardo"]
[Result "0-1"]
[WhiteElo "1353"]
[BlackElo "1392"]
[PlyCount "142"]
[EventDate "2009.11.21"]

1. d4 d5 2. c4 Nf6 3. Nc3 c6 4. cxd5 cxd5 5. Nf3 Bf5 6. Bg5 e6 7. e3 Nc6 8. a3
Bd6 9. Bd3 h6 10. Bh4 g5 11. Bg3 Bxg3 12. fxg3 Ne4 13. Bxe4 dxe4 14. Ne5 Rc8
15. Nxc6 Rxc6 16. g4 Bg6 17. d5 Rd6 18. Qa4+ Qd7 19. Qxd7+ Kxd7 20. dxe6+ Kxe6
21. Nb5 Rb6 22. Nd4+ Kd5 23. b4 Rf8 24. O-O h5 25. h3 hxg4 26. hxg4 Rh8 27.
Rfd1 Ke5 28. Rac1 Kf6 29. Rf1+ Ke7 30. Nf5+ Kd7 31. Rfd1+ Ke6 32. Ng7+ Ke7 33.
Rc7+ Kf6 34. Nf5 Bxf5 35. gxf5 Rf8 36. g4 Re8 37. Rcd7 Re7 38. R1d6+ Rxd6 39.
Rxd6+ Ke5 40. Rh6 f6 41. Rh2 Rd7 42. Rc2 Rd3 43. Rc5+ Kd6 44. Rc8 Rxe3 45. Kg2
Rxa3 46. Rd8+ Kc7 47. Re8 Ra4 48. Rxe4 a5 49. Re7+ Kd6 50. Re6+ Kd7 51. Rxf6
Rxb4 52. Re6 Rxg4+ 53. Kh3 Rf4 54. Re5 a4 55. Rd5+ Kc6 56. Ra5 b5 57. Ra6+ Kc5
58. Re6 a3 59. f6 a2 60. Re5+ Kd6 61. Re1 Rxf6 62. Rd1+ Kc5 63. Rc1+ Kd4 64.
Ra1 Rf2 65. Kg3 Ke3 66. Re1+ Re2 67. Ra1 b4 68. Rc1 b3 69. Rc3+ Kd2 70. Rxb3
a1=Q 71. Rb4 Qc3+ 0-1

[Event "XII Weekend U16"]
[Site "Porto Sant'Elpidio ITA"]
[Date "2009.11.28"]
[Round "4"]
[White "Nespeca, Giacomo"]
[Black "Cocciaretto, Alessia"]
[Result "1-0"]
[WhiteElo "1371"]
[BlackElo "1326"]
[PlyCount "45"]
[EventDate "2009.11.21"]

1. d4 Nf6 2. Nf3 d5 3. g3 e6 4. Bg2 Nc6 5. O-O Bd6 6. Bg5 O-O 7. Bxf6 Qxf6 8.
c3 e5 9. dxe5 Bxe5 10. Qxd5 Qh6 11. Nxe5 Be6 12. Qe4 Rad8 13. Nxc6 bxc6 14.
Qxc6 Qg5 15. c4 Qe5 16. Nc3 Rd6 17. Qe4 Qc5 18. Rad1 Rfd8 19. Rxd6 Qxd6 20. Qd3
Qe7 21. Nd5 c6 22. Nxe7+ Kf8 23. Qxd8# 1-0

[Event "XII Weekend U16"]
[Site "Porto Sant'Elpidio ITA"]
[Date "2009.11.28"]
[Round "4"]
[White "Ramundi, Claudia"]
[Black "Cocciaretto, Marco"]
[Result "0-1"]
[WhiteElo "1383"]
[BlackElo "1521"]
[PlyCount "58"]
[EventDate "2009.11.21"]

1. e4 e5 2. Nf3 Nc6 3. Bc4 Nf6 4. d3 h6 5. Be3 d5 6. exd5 Nxd5 7. Bxd5 Qxd5 8.
Nc3 Bb4 9. Bd2 Bxc3 10. Bxc3 Bg4 11. Qe2 O-O 12. h3 Nd4 13. Bxd4 exd4 14. c4
dxc3 15. Kf1 Rfe8 16. Qc2 Bxf3 17. gxf3 cxb2 18. Qxb2 Qxf3 19. Rh2 Qxd3+ 20.
Kg1 Re2 21. Qxb7 Rae8 22. Qb4 R2e4 23. Qa5 R8e5 24. Qxc7 Re1+ 25. Rxe1 Rxe1+
26. Kg2 Qe4+ 27. f3 Re2+ 28. Kf1 Qxf3+ 29. Kg1 Re1# 0-1

[Event "XII Weekend U16"]
[Site "Porto Sant'Elpidio ITA"]
[Date "2009.11.28"]
[Round "4"]
[White "Ramundi, Lorenzo"]
[Black "Fornelli, Marco"]
[Result "1/2-1/2"]
[WhiteElo "1476"]
[BlackElo "1353"]
[PlyCount "34"]
[EventDate "2009.11.21"]

1. e4 c5 2. Nc3 d6 3. Bb5+ Nc6 4. Bxc6+ bxc6 5. f4 e6 6. Nf3 Ba6 7. d3 d5 8.
Ne5 Rc8 9. O-O Nf6 10. Qe1 Be7 11. Qg3 O-O 12. f5 Kh8 13. Qh3 Ng8 14. Rd1 Bf6
15. Bf4 Bxe5 16. Bxe5 f6 17. Bg3 e5 1/2-1/2

[Event "XII Weekend U16"]
[Site "Porto Sant'Elpidio ITA"]
[Date "2009.11.29"]
[Round "5"]
[White "Cocciaretto, Luca"]
[Black "Cocciaretto, Alessia"]
[Result "1/2-1/2"]
[WhiteElo "1362"]
[BlackElo "1326"]
[PlyCount "39"]
[EventDate "2009.11.21"]

1. e4 e5 2. Nf3 Nc6 3. Nc3 Nf6 4. Bc4 Bc5 5. d3 d6 6. O-O O-O 7. Bg5 Bg4 8. h3
h6 9. hxg4 hxg5 10. Nd5 Nd4 11. Nxf6+ Qxf6 12. Nxd4 Bxd4 13. c3 b5 14. cxd4
bxc4 15. dxe5 Qxe5 16. d4 Qb5 17. b3 c3 18. a4 Qb4 19. e5 d5 20. f3 1/2-1/2

[Event "XII Weekend U16"]
[Site "Porto Sant'Elpidio ITA"]
[Date "2009.11.29"]
[Round "5"]
[White "Cocciaretto, Marco"]
[Black "Renzetti, Leonardo"]
[Result "1-0"]
[WhiteElo "1521"]
[BlackElo "1392"]
[PlyCount "165"]
[EventDate "2009.11.21"]

1. e4 e5 2. Nf3 Nc6 3. Bb5 Nf6 4. O-O Bc5 5. Re1 Ng4 6. Re2 Nxf2 7. Rxf2 Bxf2+
8. Kxf2 Qf6 9. Kg1 O-O 10. Nc3 a6 11. Nd5 Qd6 12. Bc4 b5 13. Bb3 Ne7 14. a4 c6
15. Nxe7+ Qxe7 16. axb5 cxb5 17. Bd5 Rb8 18. b3 Qf6 19. Bb2 d6 20. h3 Rb6 21.
d4 Qe7 22. dxe5 Be6 23. Bd4 Rbb8 24. exd6 Qxd6 25. Be5 Qc5+ 26. Qd4 Qxd4+ 27.
Nxd4 Bxd5 28. Bxb8 Bxe4 29. Ba7 Rc8 30. Rxa6 Bxc2 31. Nxc2 Rxc2 32. Bd4 f6 33.
b4 Rc4 34. Bc5 Rc1+ 35. Kh2 Rb1 36. Rb6 Kf7 37. Rxb5 g5 38. Rb7+ Kg6 39. g4 h5
40. Rb6 hxg4 41. hxg4 Kf7 42. Kg2 Rb2+ 43. Kf1 Kg6 44. Ke1 Rg2 45. Be7 Rxg4 46.
Bxf6 Kf5 47. Bg7 Rg2 48. Rf6+ Ke4 49. Rf2 Rg3 50. Rb2 Rf3 51. b5 Rf7 52. b6 Rb7
53. Ke2 Kf5 54. Bd4 g4 55. Kd3 Kf4 56. Kc4 g3 57. Kb5 Kf3 58. Ka6 Rb8 59. b7 g2
60. Ka7 Rxb7+ 61. Kxb7 Kg3 62. Bg1 Kf3 63. Ka6 Kg3 64. Ka5 Kf3 65. Ka4 Kg3 66.
Ka3 Kf3 67. Ka2 Kg3 68. Kb1 Kf3 69. Kc1 Kg3 70. Kd1 Kf3 71. Ke1 Kg3 72. Ke2 Kh3
73. Kf2 Kg4 74. Kxg2 Kf4 75. Re2 Kf5 76. Kf3 Kf6 77. Kf4 Kf7 78. Kf5 Kg7 79.
Re6 Kf7 80. Be3 Kg7 81. Rf6 Kg8 82. Kg6 Kh8 83. Rf8# 1-0

[Event "XII Weekend U16"]
[Site "Porto Sant'Elpidio ITA"]
[Date "2009.11.29"]
[Round "5"]
[White "Copponi, Alice"]
[Black "Ramundi, Lorenzo"]
[Result "1/2-1/2"]
[WhiteElo "1293"]
[BlackElo "1476"]
[PlyCount "57"]
[EventDate "2009.11.21"]

1. d4 d5 2. Nc3 Bf5 3. Bf4 Nf6 4. e3 c6 5. Bd3 Bxd3 6. Bxb8 Bxc2 7. Qxc2 Qxb8
8. Nf3 e6 9. Nd2 Bd6 10. g3 O-O 11. e4 dxe4 12. Ndxe4 Nxe4 13. Nxe4 Bb4+ 14.
Nc3 e5 15. Qd2 Bxc3 16. bxc3 exd4 17. O-O dxc3 18. Qxc3 Re8 19. Rfe1 Qd6 20.
Rad1 Rxe1+ 21. Qxe1 Qe6 22. Qxe6 fxe6 23. f4 b5 24. Rd6 c5 25. Rxe6 c4 26. Rc6
a5 27. Rc5 Rd8 28. Rxb5 Rc8 29. Rb1 1/2-1/2

[Event "XII Weekend U16"]
[Site "Porto Sant'Elpidio ITA"]
[Date "2009.11.29"]
[Round "5"]
[White "Fornelli, Marco"]
[Black "Ramundi, Claudia"]
[Result "1/2-1/2"]
[WhiteElo "1353"]
[BlackElo "1383"]
[PlyCount "55"]
[EventDate "2009.11.21"]

1. d4 d5 2. c4 e6 3. Bf4 Nf6 4. e3 Nc6 5. Bd3 dxc4 6. Bxc4 Bd7 7. a3 Bd6 8. Bg5
h6 9. Bh4 e5 10. Ne2 O-O 11. O-O Bf5 12. Nbc3 Na5 13. Ba2 Re8 14. d5 b6 15. Nb5
Be7 16. b4 Nb7 17. f3 a6 18. Nbc3 c5 19. e4 Bd7 20. Rb1 Bb5 21. Rf2 Bxe2 22.
Qxe2 Nh5 23. Bxe7 Qxe7 24. Qd2 Rad8 25. bxc5 Qxc5 26. Qb2 b5 27. Kf1 Nd6 28.
Qb4 1/2-1/2

[Event "XII Weekend U16"]
[Site "Porto Sant'Elpidio ITA"]
[Date "2009.11.29"]
[Round "5"]
[White "Marconi, Tommaso"]
[Black "Nespeca, Giacomo"]
[Result "0-1"]
[WhiteElo "1389"]
[BlackElo "1371"]
[PlyCount "122"]
[EventDate "2009.11.21"]

1. e4 e5 2. Nf3 Nc6 3. Nc3 Bc5 4. d3 Nf6 5. h3 O-O 6. Be2 Nd4 7. Be3 Nxf3+ 8.
Bxf3 Bxe3 9. fxe3 d6 10. O-O d5 11. exd5 Re8 12. e4 c6 13. dxc6 bxc6 14. Bh5
Qd4+ 15. Rf2 Nxh5 16. Qxh5 g6 17. Qf3 Rf8 18. Rb1 Bd7 19. Ne2 Qc5 20. c3 f5 21.
exf5 Rxf5 22. Qg3 Rxf2 23. Qxf2 Qxf2+ 24. Kxf2 Rf8+ 25. Ke3 c5 26. d4 cxd4+ 27.
cxd4 exd4+ 28. Nxd4 Re8+ 29. Kd3 Rd8 30. Kc4 Rc8+ 31. Kd5 Rd8 32. Kd6 Bf5+ 33.
Ke7 Rxd4 34. Rc1 Rd7+ 35. Ke8 Rf7 36. g4 Bd7+ 37. Kd8 Kf8 38. b4 Be6 39. a4
Rd7+ 40. Kc8 Rd1+ 41. Kb7 Rxc1 42. Kxa7 Ra1 43. b5 Rxa4+ 44. Kb6 Ra3 45. Kc6
Rb3 46. b6 Bd5+ 47. Kc7 Ke8 48. g5 Rxh3 49. b7 Bxb7 50. Kxb7 Rb3+ 51. Ka8 Kd8
52. Ka7 Kc7 53. Ka6 Rb1 54. Ka5 Kc6 55. Ka4 Kc5 56. Ka3 Kc4 57. Ka2 Rb6 58. Ka3
Rb7 59. Ka2 Kc3 60. Ka1 Kc2 61. Ka2 Ra7# 0-1

[Event "XII Weekend U16"]
[Site "Porto Sant'Elpidio ITA"]
[Date "2009.11.29"]
[Round "6"]
[White "Cocciaretto, Alessia"]
[Black "Renzetti, Leonardo"]
[Result "0-1"]
[WhiteElo "1326"]
[BlackElo "1392"]
[PlyCount "68"]
[EventDate "2009.11.21"]

1. e4 e5 2. Nf3 Nc6 3. Nc3 Bc5 4. Bb5 Nge7 5. O-O O-O 6. d3 a6 7. Bc4 b5 8. Bd5
Nxd5 9. Nxd5 d6 10. d4 exd4 11. Ng5 f6 12. Ne6 Bxe6 13. Nf4 Bc4 14. Re1 Re8 15.
f3 d5 16. Nh3 Bb4 17. Bd2 d3 18. f4 Bc5+ 19. Kf1 dxc2+ 20. Re2 cxd1=Q+ 21. Rxd1
Bxe2+ 22. Kxe2 Rxe4+ 23. Kf3 f5 24. Rc1 Nd4+ 25. Kg3 Ne2+ 26. Kf3 Qh4 27. Rxc5
Qg4+ 28. Kf2 Qh4+ 29. g3 Qxh3 30. Kf3 Qg4+ 31. Kg2 Nxf4+ 32. Kf2 Nh3+ 33. Kg2
Re2+ 34. Kf1 Qf3# 0-1

[Event "XII Weekend U16"]
[Site "Porto Sant'Elpidio ITA"]
[Date "2009.11.29"]
[Round "6"]
[White "Cocciaretto, Luca"]
[Black "Cocciaretto, Marco"]
[Result "0-1"]
[WhiteElo "1362"]
[BlackElo "1521"]
[PlyCount "56"]
[EventDate "2009.11.21"]

1. e4 e5 2. Nf3 Nc6 3. Bc4 Nf6 4. d3 d5 5. exd5 Nxd5 6. Ng5 Be7 7. Ne4 O-O 8.
Nbc3 Nxc3 9. bxc3 Bf5 10. Qf3 Bg6 11. O-O Kh8 12. Qg4 f5 13. Qf3 fxe4 14. Qe2
exd3 15. cxd3 Bg5 16. Be3 a6 17. Rfd1 b5 18. Bb3 b4 19. Rdc1 Qxd3 20. Qe1 Bxe3
21. fxe3 Qd6 22. Rd1 Qc5 23. Rd5 Qxc3 24. Qxc3 bxc3 25. Rc5 Rf6 26. Rd1 Bh5 27.
Rd3 Be2 28. Rdxc3 Rf1# 0-1

[Event "XII Weekend U16"]
[Site "Porto Sant'Elpidio ITA"]
[Date "2009.11.29"]
[Round "6"]
[White "Copponi, Alice"]
[Black "Ramundi, Claudia"]
[Result "0-1"]
[WhiteElo "1293"]
[BlackElo "1383"]
[PlyCount "94"]
[EventDate "2009.11.21"]

1. d4 d5 2. Nf3 Bf5 3. Nc3 e6 4. Bf4 Nf6 5. Nb5 Bd6 6. Bxd6 cxd6 7. e3 O-O 8.
Bd3 Bxd3 9. Qxd3 a6 10. Nc3 Nc6 11. e4 Nb4 12. Qe2 Rc8 13. O-O dxe4 14. Nxe4
Nxe4 15. Qxe4 Nxc2 16. Rac1 Nb4 17. Qxb7 Rb8 18. Qe4 Nxa2 19. Rc2 Rb5 20. h4 h6
21. b3 Nb4 22. Rc4 d5 23. Qe2 dxc4 24. Qxc4 Qd5 25. Qxd5 exd5 26. Ne5 Re8 27.
Rc1 Rb7 28. Nc6 Nxc6 29. Rxc6 Re6 30. Rc8+ Kh7 31. Rd8 Rb5 32. Rd7 f6 33. g3
Re1+ 34. Kg2 Rd1 35. Rd6 a5 36. Re6 Rxd4 37. Re2 Rxb3 38. Ra2 a4 39. f4 Rdd3
40. g4 a3 41. g5 Rb2+ 42. Rxb2 axb2 43. f5 hxg5 44. hxg5 b1=Q 45. g6+ Kh6 46.
Kf2 Qc2+ 47. Ke1 Rd1# 0-1

[Event "XII Weekend U16"]
[Site "Porto Sant'Elpidio ITA"]
[Date "2009.11.29"]
[Round "6"]
[White "Fornelli, Marco"]
[Black "Marconi, Tommaso"]
[Result "0-1"]
[WhiteElo "1353"]
[BlackElo "1389"]
[PlyCount "130"]
[EventDate "2009.11.21"]

1. d4 e5 2. c3 Nc6 3. e4 Nf6 4. f3 d6 5. Bc4 Bd7 6. Ne2 Be7 7. O-O O-O 8. Qe1
Na5 9. Bd3 c5 10. b3 exd4 11. cxd4 cxd4 12. Nxd4 Nc6 13. Nxc6 Bxc6 14. Nc3 Qb6+
15. Kh1 Qa5 16. Bd2 Qe5 17. f4 Qh5 18. Be2 Ng4 19. h3 Bh4 20. Bxg4 Bxe1 21.
Bxh5 Bxd2 22. Ne2 Bxe4 23. Rad1 Bb4 24. Ng3 Bc2 25. Rd5 Rfe8 26. Nf5 Be4 27.
Bxf7+ Kxf7 28. Rxd6 Bxd6 29. Nxd6+ Kf8 30. Nxe8 Rxe8 31. Rd1 Rc8 32. Rd4 Bb1
33. a3 Rc3 34. Rd8+ Kf7 35. Rd7+ Kg6 36. Rxb7 Be4 37. Rxa7 Rxh3+ 38. Kg1 Rxb3
39. g4 Rg3+ 40. Kf2 Rxg4 41. Ra6+ Kf5 42. a4 Rxf4+ 43. Ke3 Rf3+ 44. Kd4 h5 45.
Ra5+ Kf4 46. Rxh5 Ra3 47. Rh4+ Kf5 48. Rh5+ g5 49. Rh2 Rxa4+ 50. Ke3 Ra3+ 51.
Kd4 g4 52. Rh5+ Kf4 53. Rh8 Ra4+ 54. Kc3 Ra8 55. Rh6 Rf8 56. Rh4 Kf3 57. Rh1
Rc8+ 58. Kd2 g3 59. Rf1+ Kg2 60. Re1 Ba8 61. Re2+ Kh3 62. Re3 Rd8+ 63. Ke1 Kh2
64. Re5 Bf3 65. Rg5 Rd1# 0-1